| 000 | 00485nam a22001817a 4500 | ||
|---|---|---|---|
| 008 | 210430b ||||| |||| 00| 0 eng d | ||
| 020 | _a9788192406015 | ||
| 082 | _a610.7368 KAP | ||
| 100 | _aBimla Kapoor. | ||
| 245 | _aTextbook of Psychiatric Nursing Volume 1 | ||
| 250 | _a3rd ed. | ||
| 260 |
_aNew Delhi : _bKumar Publishing House ; _c2009. |
||
| 300 |
_a182 p. _c24 cm. |
||
| 500 | _aIncludes index. | ||
| 650 | _aPsychiatric nursing | ||
| 942 | _2ddc | ||
| 999 |
_c8690 _d8691 |
||